| 000 | 00392nam a22001217a 4500 | ||
|---|---|---|---|
| 082 | _a200 THE | ||
| 100 |
_aMOHTASHIM ABBAS _970434 |
||
| 245 | _aTH-SOF-1016-A FRAMEWORK FOR CLUSTERING OF DENTAL PATIENTS' RECORDS USING UNSUPERVISED LEARNING TECHNIQUES | ||
| 260 |
_aISLAMABAD _bNUST COLLEGE OF EME _c2014 |
||
| 650 | _aMS-CSE-12 MSTHESIS | ||
| 700 |
_aDR SHOAB AHMED KHAN _916053 |
||
| 942 | _cCF | ||
| 999 |
_c577414 _d577414 |
||